Normal view
MARC view
- علم الكلام- التعليل- اصول الفقه
Entry Topical Term
001 - CONTROL NUMBER
- control field: 52450
003 - CONTROL NUMBER IDENTIFIER
- control field: JO-AjAnu
005 - DATE AND TIME OF LATEST TRANSACTION
- control field: 20230606082624.0
008 - FIXED-LENGTH DATA ELEMENTS
- fixed length control field: 230606|| aca||aabn | a|a d
040 ## - CATALOGING SOURCE
- Original cataloging agency: JO-AjAnu
- Transcribing agency: JO-AjAnu
150 ## - HEADING--TOPICAL TERM
- Topical term or geographic name entry element: علم الكلام- التعليل- اصول الفقه
670 ## - SOURCE DATA FOUND
- Source citation: Work cat.: (JO-AjAnu)26802: بزا، عبد النور, author 52449, نظرية التعليل في الفكرين الكلامي والأصولي توصيف ومراجعة